Statistics for College Football Stadiums Quiz

Click here to take the quiz!

General Stats

  • This quiz has been taken 32,719 times
    (22,547 since last reset)
  • The average score is 11 of 16

Answer Stats

StadiumCollege% Correct
"The Big House"Michigan
93%
Los Angeles ColiseumUSC
91%
"The Swamp"Florida
90%
Rose BowlUCLA
89%
Bryant-Denny StadiumAlabama
84%
"Death Valley"LSU
83%
Husky StadiumWashington
82%
"The Horseshoe"Ohio State
81%
"Death Valley"Clemson
70%
Beaver StadiumPenn State
67%
Camp RandallWisconsin
63%
Neyland StadiumTennessee
62%
Sanford StadiumGeorgia
59%
Lane StadiumVirginia Tech
35%
LaVell EdwardsBYU
32%
Michie StadiumArmy
24%

Score Distribution

Percentile by Number Answered

Percent of People with Each Score

Your Score History

You have not taken this quiz since the last reset